00499 2200169 4500001002100000005001500021008004100036035002500077041000800102082000800110090000800118245007900126250001600205260006400221300002000285650002400305INLIS00000000001406720130516011141 ind  a0010-051300000014067 aind a351 a351 aHimpunan Intruksi Presiden dan Keputusan Menpan Tentang Pengawasan Melekat aCetakan : 1 aMedanbForum Komunikasi Pendayagunaan Aparatur Negarac1992 a: ilus. ;28 cm. aPeraturan-Peraturan